<?xml version="1.0" encoding="UTF-8"?>
<record
    xmlns:xsi="http://www.w3.org/2001/XMLSchema-instance"
    xsi:schemaLocation="http://www.loc.gov/MARC21/slim http://www.loc.gov/standards/marcxml/schema/MARC21slim.xsd"
    xmlns="http://www.loc.gov/MARC21/slim">

  <leader>01283nam a2200313 a 4500</leader>
  <controlfield tag="001">C01472317c-9</controlfield>
  <controlfield tag="003">CO-ViMGA</controlfield>
  <controlfield tag="005">20230915233136.0</controlfield>
  <controlfield tag="008">150216s2014    ck a   gr     000 0 spa d</controlfield>
  <datafield tag="020" ind1=" " ind2=" ">
    <subfield code="a">9789588818221</subfield>
  </datafield>
  <datafield tag="040" ind1=" " ind2=" ">
    <subfield code="a">CO-ViMGA</subfield>
    <subfield code="b">spa</subfield>
    <subfield code="c">CO-ViMGA</subfield>
  </datafield>
  <datafield tag="082" ind1="0" ind2="4">
    <subfield code="a">371.782 </subfield>
    <subfield code="b">V45e </subfield>
    <subfield code="2">21</subfield>
  </datafield>
  <datafield tag="100" ind1="1" ind2=" ">
    <subfield code="a">Villegas, Mar&#xED;a.</subfield>
    <subfield code="9">3618</subfield>
  </datafield>
  <datafield tag="245" ind1="1" ind2="0">
    <subfield code="a">Enfrentando el bullying / </subfield>
    <subfield code="c">direcci&#xF3;n, textos y edici&#xF3;n Mar&#xED;a Villegas ; ilustraci&#xF3;n Iv&#xE1;n Chac&#xF3;n (Chac) ; dise&#xF1;o Yadira Silgado ; investigaci&#xF3;n y coordinaci&#xF3;n editorial Jos&#xE9; J&#xE1;come ; revisi&#xF3;n M&#xF3;nica Posada Saravia, Helga L&#xF3;pez, Hunza Vargas.</subfield>
  </datafield>
  <datafield tag="260" ind1=" " ind2=" ">
    <subfield code="a">Bogot&#xE1; : </subfield>
    <subfield code="b">Villegas Editores, </subfield>
    <subfield code="c">2014.</subfield>
  </datafield>
  <datafield tag="300" ind1=" " ind2=" ">
    <subfield code="a">188 p&#xE1;ginas : </subfield>
    <subfield code="b">ilustraciones ; </subfield>
    <subfield code="c">20 cm.</subfield>
  </datafield>
  <datafield tag="504" ind1=" " ind2=" ">
    <subfield code="a">Incluye referencias bibliogr&#xE1;ficas (p&#xE1;ginas 180-185) e &#xED;ndice.</subfield>
  </datafield>
  <datafield tag="650" ind1="1" ind2="4">
    <subfield code="a">Matoneo.</subfield>
    <subfield code="9">737</subfield>
  </datafield>
  <datafield tag="650" ind1="1" ind2="4">
    <subfield code="a">Matoneo</subfield>
    <subfield code="x"> Prevenci&#xF3;n.</subfield>
    <subfield code="9">738</subfield>
  </datafield>
  <datafield tag="650" ind1="1" ind2="4">
    <subfield code="a">Acoso escolar.</subfield>
    <subfield code="9">739</subfield>
  </datafield>
  <datafield tag="650" ind1="1" ind2="4">
    <subfield code="a">Agresividad infantil</subfield>
    <subfield code="v"> Estudio de casos.</subfield>
    <subfield code="9">3619</subfield>
  </datafield>
  <datafield tag="650" ind1="1" ind2="4">
    <subfield code="a">Agresividad infantil</subfield>
    <subfield code="x"> Causas.</subfield>
    <subfield code="9">3621</subfield>
  </datafield>
  <datafield tag="650" ind1="1" ind2="4">
    <subfield code="a">Agresividad infantil</subfield>
    <subfield code="x"> Diagn&#xF3;stico.</subfield>
    <subfield code="9">3620</subfield>
  </datafield>
  <datafield tag="650" ind1="1" ind2="4">
    <subfield code="a">Violencia en la educaci&#xF3;n.</subfield>
    <subfield code="9">740</subfield>
  </datafield>
  <datafield tag="700" ind1="1" ind2=" ">
    <subfield code="a">Chac&#xF3;n, Iv&#xE1;n, </subfield>
    <subfield code="e">ilustrador.</subfield>
    <subfield code="9">3622</subfield>
  </datafield>
  <datafield tag="700" ind1="1" ind2=" ">
    <subfield code="a">J&#xE1;come, Jos&#xE9;.</subfield>
    <subfield code="9">3624</subfield>
  </datafield>
  <datafield tag="700" ind1="1" ind2=" ">
    <subfield code="a">Silgado, Yadira.</subfield>
    <subfield code="9">3623</subfield>
  </datafield>
  <datafield tag="942" ind1=" " ind2=" ">
    <subfield code="2">ddc</subfield>
    <subfield code="c">BK</subfield>
  </datafield>
  <datafield tag="999" ind1=" " ind2=" ">
    <subfield code="c">35575</subfield>
    <subfield code="d">35575</subfield>
  </datafield>
  <datafield tag="952" ind1=" " ind2=" ">
    <subfield code="0">0</subfield>
    <subfield code="1">0</subfield>
    <subfield code="2">ddc</subfield>
    <subfield code="4">0</subfield>
    <subfield code="7">0</subfield>
    <subfield code="8">003</subfield>
    <subfield code="a">MEVIECAR</subfield>
    <subfield code="b">MEVIECAR</subfield>
    <subfield code="d">2016-08-12</subfield>
    <subfield code="l">0</subfield>
    <subfield code="o">371.782 V45e </subfield>
    <subfield code="p">30249</subfield>
    <subfield code="r">2018-05-22 00:00:00</subfield>
    <subfield code="t">Ej. 1</subfield>
    <subfield code="w">2016-08-12</subfield>
    <subfield code="y">BK</subfield>
  </datafield>
</record>
